000 01090nam a2200229Ia 4500
999 _c39679
_d39679
001 6282
003 GE_BSU
005 20190627194240.0
008 181216s1966|||| |||||||||||||| ||ge ||
041 _ageo
080 _a621.38(075.8) კ-12
100 _aკაგანოვი,ი. დ.
_93015
245 _aსამრეწველო ელექტრონიკა (ზოგადი კურსი) : სახელმძღვ. /
_cი.დ. კაგანოვი ; მთარგმნ. მ.გურგენიძე ; რედ : ვ.კობიაშვილი.
264 _aთბილისი :
_bგანათლება,
_c1966.
300 _a552 გვ .:
_bილ ;
_c20 სმ.
504 _aბიბლიოგრ.:გვ.553
653 _aსამრეწველო ელექტრონიკა
653 _aტექნიკა
700 _aგურგენიძე, მ
_eმთარგმნელი
_93016
700 _a.კობიაშვილი, ვ
_eრედაქტორი
_92844
942 _cBK
_2udc